000 01246cam a2200265 4500
008 020722n1999 000 0 eng u
020 _a1860812805
035 _a(Sirsi) u118946
041 _aeng
050 _a658.202
_c18
100 _aClift, Mike
245 _aStudy on whole life costing
260 _aGarston
_bBRE
_c1999
300 _a28p.
_c30cm
350 _a24
490 _aBRE BR
_v367
520 _aSummarises the results of a study on the use of whole life costing by the construction industry. A key part of the research was a questionnaire and telephone-based survey. The objectives of this project were to investigate: the state of the art; work carried out to date; information available; techniques used and participation; scope for use; barriers to its adoption and opportunities for promotion; and focused areas of priority activities needed for a structured research and innovation programme in support of EPSRC and the DETR's Technology and Performance Business Plan.
650 _aLIFE CYCLE COSTING
650 _aWHOLE LIFE COSTS
650 _aCONSTRUCTION INDUSTRY
690 _aBUILT ENVIRONMENT-BUILDING COSTS
700 _aBourke, Kathryn
710 _aBuilding Research Establishment
942 _n0
999 _c102209
_d102209